Quiz sur le FC Barcelone - Statistiques

Statistiques générales
  • Ce quiz a été pris 285 fois
  • Le résultat moyen est 10 sur 14
Statistiques - réponses
Questions Réponses % Correct
Dans quel stade le club de foot espagnol du FC Barcelone évolue-t-il ? Le Camp-Nou
99%
Quel club rival du FC Barcelone évolue dans le stade Santiago-Bernabéu ? Le Réal Madrid
95%
Contre quel club français le FC Barcelone a-t-il réalisé sa fameuse « remontada » en 2017 sur le score de 6-1 en match retour de Ligue des champions ? Paris Saint Germain
93%
Quelle légende du club est devenue l’entraîneur du FC Barcelone en 2021 ? Xavi
91%
Quels sont les 3 joueurs presents dans l'attaque MSN ? Messi Neymar Jr Suarez
88%
Quel club a écrasé le FC Barcelone sur le score de 8-2, dans un quart de finale de Ligue des champions tristement célèbre pour les supporters ? Le Bayern Munich
87%
Quel joueur faisait partie du trio au milieu de terrain du grand FC Barcelone de 2011 avec Xavi et Iniesta ? Sergio Busquets
83%
Qui était le coach du FC Barcelone entre 2008 et 2012 ? Josep Guardiola
79%
Quel est le slogan du club de foot FC Barcelone ? Més que un club (Plus qu'un club)
71%
Quel joueur et entraîneur du FC Barcelone a « théorisé » le « tiki taka » avec un style de jeu qui lui est attribué ? Johan Cruyff
70%
Après la saison 2022/2023, combien de titres de champions d’Espagne le FC Barcelone possède-t-il depuis sa création ? 27
61%
Contre quel gardien Lionel Messi a-t-il inscrit un but mémorable de la tête en finale de Ligue des champions en 2009 avec le FC Barcelone ? Edwin Van Der Sar
59%
Quel est le surnom donné aux joueurs de foot qui appartiennent au FC Barcelone ? Les Blaugranas
47%
Qui a fondé le club de foot du FC Barcelone en 1899 ? Joan Gamper
24%
Aucun quiz correspondant
Distribution des résultats
% des personnes avec chaque résultat
Percentile par nombre de réponses
Votre historique - résultats
Vous n’avez pas pris ce quiz